[Event "Klatovy op-B 24th"]
[Site "Klatovy"]
[Date "2018.07.05"]
[Round "6"]
[White "Novy, Jan"]
[Black "Mareska, Daniel"]
[Result "0-1"]
[WhiteElo "1516"]
[BlackElo "1697"]
[PlyCount "82"]
[EventDate "2018.06.30"]
[EventType "swiss"]
[EventRounds "9"]
[EventCountry "CZE"]
[SourceTitle "EXT 2019"]
[Source "ChessBase"]
[SourceDate "2018.10.10"]
[SourceVersion "1"]
[SourceVersionDate "2018.10.10"]
[SourceQuality "1"]

1. Nf3 g6 2. d4 Bg7 3. g3 Nf6 4. c4 0-0 5. Nc3 c6 6. Bg2 d5 7. b3 Nbd7 8. 0-0 Re8 9. e3 Nb6 10. c5 Nbd7 11. Bb2 Qc7 12. a4 Nf8 13. b4 Bg4 14. Qc2 Bxf3 15. Bxf3 N6d7 16. b5 e5 17. Ne2 Ne6 18. Qd2 Ng5 19. Bg2 exd4 20. Nxd4 Nxc5 21. h4 Nge6 22. Rfc1 Nxd4 23. exd4 Nb3 24. Qc3 Nxc1 25. Rxc1 Qd7 26. bxc6 bxc6 27. Ba3 Rab8 28. Kh2 Bf8 29. Bc5 Bxc5 30. Qxc5 Rb6 31. Qc2 Qd6 32. a5 Rb5 33. Qc3 Reb8 34. Qxc6 Qxc6 35. Rxc6 Rxa5 36. Rd6 Kf8 37. Bh3 Rb7 38. Bg4 Rc7 39. Bf3 Ke7 40. Rxd5 Rxd5 41. Bxd5 Rd7 0-1

[Event "Klatovy op-B 24th"]
[Site "Klatovy"]
[Date "2018.07.03"]
[Round "4"]
[White "Novy, Jan"]
[Black "Schille, Hannes"]
[Result "0-1"]
[WhiteElo "1516"]
[BlackElo "1750"]
[PlyCount "78"]
[EventDate "2018.06.30"]
[EventType "swiss"]
[EventRounds "9"]
[EventCountry "CZE"]
[SourceTitle "CBM 185 Extra"]
[Source "ChessBase"]
[SourceDate "2018.07.29"]
[SourceVersion "1"]
[SourceVersionDate "2018.07.29"]
[SourceQuality "1"]

1. e4 c5 2. Nc3 Nc6 3. g3 d6 4. Bg2 g6 5. f4 Bg7 6. d3 Nf6 7. Nh3 Bg4 8. Qd2 Qc8 9. Nf2 Bd7 10. 0-0 0-0 11. a3 Ng4 12. Kh1 Nd4 13. Nd5 Re8 14. Qd1 b5 15. c3 Nc6 16. Ne3 Nxe3 17. Bxe3 Rb8 18. Qe2 a5 19. Rac1 b4 20. d4 bxa3 21. d5 Na7 22. bxa3 Rb3 23. a4 Rxc3 24. Rxc3 Bxc3 25. Qc2 Bg7 26. Rb1 Qc7 27. Bf1 Rb8 28. Rb3 Rb4 29. Rxb4 axb4 30. Bc4 Qa5 31. Bb3 Nc8 32. Nd3 Nb6 33. e5 Bxa4 34. exd6 exd6 35. Qa2 Qb5 36. Nxc5 dxc5 37. Bg1 Bxb3 38. Qxb3 c4 39. Qb1 Qxd5+ 0-1

[Event "Klatovy op-B 24th"]
[Site "Klatovy"]
[Date "2018.07.01"]
[Round "2"]
[White "Novy, Jan"]
[Black "Finek, Vaclav"]
[Result "0-1"]
[WhiteElo "1516"]
[BlackElo "1763"]
[PlyCount "50"]
[EventDate "2018.06.30"]
[EventType "swiss"]
[EventRounds "9"]
[EventCountry "CZE"]
[SourceTitle "CBM 185 Extra"]
[Source "ChessBase"]
[SourceDate "2018.07.29"]
[SourceVersion "1"]
[SourceVersionDate "2018.07.29"]
[SourceQuality "1"]

1. e4 e5 2. Nf3 Nc6 3. g3 Nf6 4. d3 h6 5. Bg2 Bc5 6. 0-0 d6 7. c3 Bb6 8. a4 a5 9. Re1 Bg4 10. Nbd2 Qd7 11. Nc4 Ba7 12. Ne3 Bxe3 13. Bxe3 0-0 14. Qd2 Kh7 15. Qc2 Rfe8 16. Rab1 d5 17. b4 d4 18. cxd4 Nxb4 19. Qb3 Bxf3 20. Bxf3 exd4 21. Bd2 Nc6 22. Qd1 Ne5 23. Be2 Qh3 24. f4 Neg4 25. Bf1 Qxh2# 0-1

[Event "Plzen op 7th"]
[Site "Plzen"]
[Date "2015.11.22"]
[Round "1"]
[White "Verwoert, Jef"]
[Black "Novy, Jan"]
[Result "1-0"]
[WhiteElo "2030"]
[BlackElo "1607"]
[PlyCount "75"]
[EventDate "2015.11.22"]
[EventType "swiss"]
[EventRounds "7"]
[EventCountry "CZE"]
[SourceTitle "CBM 169 Extra"]
[Source "ChessBase"]
[SourceDate "2015.12.18"]
[SourceVersion "1"]
[SourceVersionDate "2015.12.18"]
[SourceQuality "1"]

1. e4 d5 2. exd5 Nf6 3. Nf3 Nxd5 4. d4 e6 5. Be2 Be7 6. c4 Nf6 7. 0-0 0-0 8. Nc3 c6 9. h3 a6 10. Be3 b5 11. b3 Nbd7 12. Ne5 Bb7 13. f4 Rc8 14. Bf3 Bb4 15. Ne2 Qb6 16. c5 Qd8 17. a3 Ba5 18. b4 Nxe5 19. dxe5 Nd5 20. Bxd5 Bc7 21. Bb3 Qe7 22. Qc2 Qh4 23. Nc3 Rce8 24. Ne4 f5 25. Nd6 Bxd6 26. cxd6 Qd8 27. d7 Qxd7 28. Bc5 Rf7 29. Rad1 Qc7 30. Qd3 Bc8 31. Qd6 Qb7 32. Bxe6 Bxe6 33. Qxe6 Qa8 34. Qb3 g6 35. Rd7 Ref8 36. Rfd1 Kg7 37. Bxf8+ Qxf8 38. Qxf7+ 1-0

[Event "Plzen op 4th"]
[Site "Plzen"]
[Date "2012.11.22"]
[Round "5"]
[White "Baraniuk, Andrej"]
[Black "Novy, Jan"]
[Result "0-1"]
[WhiteElo "1661"]
[BlackElo "1755"]
[PlyCount "80"]
[EventDate "2012.11.18"]
[EventType "swiss"]
[EventRounds "7"]
[EventCountry "CZE"]
[SourceTitle "CBM 151 Extra"]
[Source "ChessBase"]
[SourceDate "2012.12.18"]
[SourceVersion "1"]
[SourceVersionDate "2012.12.18"]
[SourceQuality "1"]

1. Nf3 Nf6 2. c4 c5 3. Nc3 Nc6 4. g3 e5 5. Bg2 d6 6. d3 h6 7. 0-0 Be7 8. Bd2 0-0 9. Re1 Be6 10. a3 a6 11. Rb1 Rb8 12. b4 Nd7 13. e4 Bg4 14. h3 Bh5 15. g4 Bg6 16. Nd5 Bg5 17. Bxg5 hxg5 18. Qd2 f6 19. Rb2 Bf7 20. Ne3 g6 21. Reb1 Nd4 22. a4 b6 23. Nc2 Ne6 24. Kh2 Nf4 25. Bf1 Kg7 26. Ne3 Rh8 27. Kg3 Rh7 28. Ng1 Qh8 29. f3 Rh4 30. Qh2 Qh7 31. Qh1 Rh8 32. Rh2 Nf8 33. Ng2 N8e6 34. Nxf4 Nxf4 35. bxc5 bxc5 36. Rb6 Rd8 37. Rhb2 Qg8 38. a5 Rh8 39. Qh2 Qh7 40. Rxa6 Qh4# 0-1

[Event "Plzen op 4th"]
[Site "Plzen"]
[Date "2012.11.19"]
[Round "2"]
[White "Novy, Jan"]
[Black "Fakan, Petr"]
[Result "1-0"]
[WhiteElo "1755"]
[BlackElo "1498"]
[PlyCount "43"]
[EventDate "2012.11.18"]
[EventType "swiss"]
[EventRounds "7"]
[EventCountry "CZE"]
[SourceTitle "CBM 151 Extra"]
[Source "ChessBase"]
[SourceDate "2012.12.18"]
[SourceVersion "1"]
[SourceVersionDate "2012.12.18"]
[SourceQuality "1"]

1. c4 e6 2. d4 Nf6 3. Nc3 c5 4. d5 d6 5. e4 Be7 6. Bd3 Nbd7 7. f4 e5 8. Nf3 0-0 9. 0-0 Re8 10. f5 Nb6 11. h3 Bf8 12. g4 h6 13. g5 hxg5 14. Bxg5 Be7 15. Qd2 Bd7 16. b3 Nh7 17. Be3 g6 18. Kh2 gxf5 19. Rg1+ Kh8 20. exf5 Nf6 21. Ng5 Kg7 22. Ne6+ 1-0

[Event "Plzen op"]
[Site "Plzen"]
[Date "2012.08.23"]
[Round "7"]
[White "Novy, Jan"]
[Black "Berka, Lubos"]
[Result "0-1"]
[WhiteElo "1723"]
[BlackElo "1862"]
[PlyCount "106"]
[EventDate "2012.08.18"]
[EventType "swiss"]
[EventRounds "9"]
[EventCountry "CZE"]
[SourceTitle "CBM 150 Extra"]
[Source "ChessBase"]
[SourceDate "2012.10.19"]
[SourceVersion "1"]
[SourceVersionDate "2012.10.19"]
[SourceQuality "1"]

1. c4 Nf6 2. Nc3 g6 3. Nf3 Bg7 4. g3 0-0 5. Bg2 d6 6. 0-0 e5 7. Qc2 Nc6 8. a3 Bg4 9. e3 Qd7 10. Re1 Rae8 11. b4 e4 12. Ng5 Ne5 13. Bb2 h6 14. h3 hxg5 15. hxg4 Nf3+ 16. Kf1 Nxe1 17. Rxe1 Qxg4 18. Nb5 Re7 19. Rd1 a6 20. Nc3 Nd7 21. d4 Nb6 22. Ne2 Qe6 23. Rc1 f5 24. Bh3 g4 25. d5 Qf7 26. Bg2 g5 27. Nd4 Bxd4 28. Bxd4 Nd7 29. Ke2 Ne5 30. Rh1 Qg6 31. c5 Rh7 32. Rd1 Nd3 33. Rg1 Qf7 34. Kd1 Ne5 35. Bxe5 dxe5 36. Bf1 Qxd5+ 37. Kc1 Kg7 38. Bc4 Qd8 39. a4 Kf6 40. Rd1 Rd7 41. Rh1 Rh8 42. Rf1 Rdh7 43. Rd1 Rh1 44. Bf1 Qe7 45. Qe2 a5 46. Qb2 axb4 47. c6 b6 48. Kb1 Ra8 49. Qb3 Rd8 50. Rc1 Rd2 51. Qg8 Rxf2 52. Qc4 Qc5 53. Qa6 Qxc1+ 0-1

[Event "Plzen op 3rd"]
[Site "Plzen"]
[Date "2011.11.24"]
[Round "7"]
[White "Novy, Jan"]
[Black "Syrovatka, Cenek"]
[Result "1-0"]
[WhiteElo "1720"]
[BlackElo "1898"]
[PlyCount "61"]
[EventDate "2011.11.19"]
[EventType "swiss"]
[EventRounds "9"]
[EventCountry "CZE"]
[SourceTitle "CBM 145 Extra"]
[Source "ChessBase"]
[SourceDate "2012.01.03"]
[SourceVersion "1"]
[SourceVersionDate "2012.01.03"]
[SourceQuality "1"]

1. e4 c5 2. c3 Nc6 3. d4 cxd4 4. cxd4 d6 5. Nc3 Nf6 6. Nf3 g6 7. Bc4 Bg7 8. h3 a6 9. 0-0 0-0 10. Be3 b5 11. Bd3 Bb7 12. d5 Ne5 13. Nxe5 dxe5 14. Qd2 Rc8 15. a3 Qd6 16. b4 Nd7 17. Rac1 Rc7 18. Rc2 Rfc8 19. Rfc1 e6 20. dxe6 Qxe6 21. f3 Qb3 22. Nd5 Rxc2 23. Bxc2 Rxc2 24. Rxc2 Bxd5 25. Rc8+ Nf8 26. exd5 Qxa3 27. d6 Qa1+ 28. Kh2 e4 29. d7 exf3 30. Rxf8+ Bxf8 31. d8Q 1-0